Les républiques socialistes d'Europe Centrale / (Record no. 177268)

MARC details
000 -LEADER
campo de control de longitud fija 01081nam a2200301 i 4500
001 - NÚMERO DE CONTROL
campo de control 177268
003 - IDENTIFICADOR DE NÚMERO DE CONTROL
campo de control ES-MaACL
005 - FECHA Y HORA DE LA ÚLTIMA TRANSACCIÓN
campo de control 20250727035944.0
007 - CAMPO FIJO DE DESCRIPCIÓN FÍSICA--INFORMACIÓN GENERAL
campo de control de longitud fija t|
008 - DATOS DE LONGITUD FIJA--INFORMACIÓN GENERAL
campo de control de longitud fija 110311s1967 fr abdf ||||1| fre d
080 ## - NÚMERO DE LA CLASIFICACIÓN DECIMAL UNIVERSAL
Número de la Clasificación Decimal Universal 913(4-191.2)
080 ## - NÚMERO DE LA CLASIFICACIÓN DECIMAL UNIVERSAL
Número de la Clasificación Decimal Universal 321.74(4-191.2)
100 1# - ENTRADA PRINCIPAL--NOMBRE DE PERSONA
Nombre de persona Blanc, André.
9 (RLIN) 29107
245 14 - MENCIÓN DEL TÍTULO
Título Les républiques socialistes d'Europe Centrale /
Mención de responsabilidad, etc. par André Blanc, Pierre George et Henri Smotkine ; avec la collaboration de G. Enyedi et I. Sandru.
250 ## - MENCION DE EDICION
Mención de edición 1e éd.
260 ## - PUBLICACIÓN, DISTRIBUCIÓN, ETC.
Lugar de publicación, distribución, etc. Paris :
Nombre del editor, distribuidor, etc. Presses Universitaires de France,
Fecha de publicación, distribución, etc. 1967.
300 ## - DESCRIPCIÓN FÍSICA
Extensión 298, [8] p. de lám. :
Otras características físicas il. ;
Dimensiones 19 cm.
490 1# - MENCIÓN DE SERIE
Mención de serie Magellan. La Géographie et ses problèmes ;
Designación de volumen o secuencia 15
500 ## - NOTA GENERAL
Nota general Índices.
504 ## - NOTA DE BIBLIOGRAFÍA, ETC.
Nota de bibliografía, etc. Bibliografía: p. 281-295.
650 04 - PUNTO DE ACCESO ADICIONAL DE MATERIA--TÉRMINO DE MATERIA
Término de materia o nombre geográfico como elemento de entrada Socialismo-
Subdivisión geográfica Europa
9 (RLIN) 17158
651 #4 - PUNTO DE ACCESO ADICIONAL DE MATERIA--NOMBRE GEOGRÁFICO
Nombre geográfico Europa central-
Subdivisión general Geografía.
9 (RLIN) 12611
700 1# - ENTRADA AGREGADA--NOMBRE PERSONAL
Nombre de persona George, Pierre.
9 (RLIN) 56386
700 1# - ENTRADA AGREGADA--NOMBRE PERSONAL
Nombre de persona Smotkine, Henri.
9 (RLIN) 145574
830 0# - PUNTO DE ACCESO ADICIONAL DE SERIE-TÍTULO UNIFORME
Título uniforme Magellan. La Géographie et ses problèmes ;
Designación de volumen o secuencia 15
9 (RLIN) 182333
852 ## - LOCALIZACIÓN
Ubicación ES-MaACL
Número de control de estantería E-14670
Encuadernación Olim P-507
Holdings
Estatus retirado Estado de pérdida Estado de daño No para préstamo Biblioteca de origen Biblioteca actual Ubicación en estantería Fecha de adquisición Fuente de adquisición Total de préstamos Signatura topográfica completa Código de barras Visto por última vez Precio de reemplazo Tipo de ítem Koha
        Biblioteca del Ateneo de Madrid Biblioteca del Ateneo de Madrid Depósito 2 11/03/2011     E-14670 1186181 23/02/2023 23/02/2023 Libro impreso